Актуальные вопросы внедрения федеральных государственных образовательных стандартов высшего профессионального образования (Запись № 4474258)

Подробности
000 -МАРКЕР
контрольное поле 01976nam0a2200313 i 4500
001 - ИДЕНТИФИКАТОР ЗАПИСИ
контрольное поле RU\NLR\bibl\2026350
005 - ИДЕНТИФИКАТОР ВЕРСИИ
контрольное поле 20260408100831.0
010 ## - МЕЖДУНАРОДНЫЙ СТАНДАРТНЫЙ НОМЕР КНИГИ (ISBN)
Номер (ISBN) 9785886515473
Тираж 160
021 ## - НОМЕР ГОСУДАРСТВЕННОЙ РЕГИСТРАЦИИ
Код страны Российская Федерация
Номер 2013-25767
Номер Листа государственной регистраци 1774
035 ## - ДРУГИЕ СИСТЕМНЫЕ НОМЕРА
Идентификатор записи (NLR Aleph) 002014370
100 ## - ДАННЫЕ ОБЩЕЙ ОБРАБОТКИ
Данные общей обработки 20130419d2012 km y0rusy50 ca
101 0# - ЯЗЫК РЕСУРСА
Язык текста, звукозаписи и т.д. русский
102 ## - СТРАНА ПУБЛИКАЦИИ ИЛИ ПРОИЗВОДСТВА
Страна публикации Российская Федерация
105 ## - ПОЛЕ КОДИРОВАННЫХ ДАННЫХ: ТЕКСТОВЫЕ МАТЕРИАЛЫ, МОНОГРАФИЧЕСКИЕ
Кодированные данные о монографическом текстовом документе a|||z||||00yy
200 1# - ЗАГЛАВИЕ И СВЕДЕНИЯ ОБ ОТВЕТСТВЕННОСТИ
Основное заглавие Актуальные вопросы внедрения федеральных государственных образовательных стандартов высшего профессионального образования
Сведения, относящиеся к заглавию материалы Межвузовской учебно-методической конференции (15 февраля 2012 г.), [г. Омск
Первые сведения об ответственности под ред. А.Г. Парадникова и др.]
210 ## - ПУБЛИКАЦИЯ, РАСПРОСТРАНЕНИЕ И ДР.
Место издания, распространения и т.д. Омск
Имя издателя, распространителя и т. д. ОмА МВД России
Дата издания, распространения и т.д. 2012
215 ## - ФИЗИЧЕСКАЯ ХАРАКТЕРИСТИКА
Специфическое обозначение материала и объем 206 с.
Другие сведения о физической характеристике ил.
Размеры 21
300 ## - ОБЩИЕ ПРИМЕЧАНИЯ
Текст примечания В надзаг.: М-во внутр. дел Рос. Федерации, Омс. акад.
606 1# - НАИМЕНОВАНИЕ ТЕМЫ КАК ПРЕДМЕТ
Наименование темы Высшее образование
Формальный подзаголовок Съезды, совещания и т.п.
Тематический подзаголовок Образовательные стандарты
-- Внедрение
Географический подзаголовок Российская Федерация
Системный номер авторитетной/нормативной записи 2150402
Идентификатор авторитетной/нормативной записи RU\NLR\AUTH\661599806
686 1# - ИНДЕКСЫ ДРУГИХ КЛАССИФИКАЦИЙ
Индекс Ч481.211я431
702 #1 - ИМЯ ЛИЦА - ВТОРИЧНАЯ ОТВЕТСТВЕННОСТЬ
Начальный элемент ввода Парадников
Часть имени, кроме начального элемента ввода А. Г.
Расширение инициалов личного имени Александр Геннадьевич
Код отношения Редактор
711 12 - НАИМЕНОВАНИЕ ОРГАНИЗАЦИИ - АЛЬТЕРНАТИВНАЯ ОТВЕТСТВЕННОСТЬ
Начальный элемент ввода "Актуальные вопросы внедрения федеральных государственных образовательных стандартов высшего профессионального образования", межвузовская учебно-методическая конференция
Дата проведения временной организации 2012
Место проведения временной организации Омск
Идентификатор авторитетной/нормативной записи RU\NLR\AUTH\8810239320
Системный номер авторитетной/нормативной записи 364309
801 #0 - ИСТОЧНИК ЗАПИСИ
Страна Российская Федерация
Организация NLR
Дата составления 20130419
Правила каталогизации RCR
801 #1 - ИСТОЧНИК ЗАПИСИ
Страна Российская Федерация
Организация NLR
Дата составления 20130419
942 ## - ДОПОЛНИТЕЛЬНЫЕ ЭЛЕМЕНТЫ ЗАПИСИ (АБИС)
Тип экземпляра АБИС Книга
980 ## - КОЛЛЕКЦИЯ
Название коллекции НБР

Нет доступных экземпляров.